Výdavky štátu na starostlivosť o rodinu
Príspevok sa zameriava na pomoc rodinám poskytovanú formou sociálnych dávok. Chronologický vývoj poskytovania prídavkov na deti od roku 1945 po súčasnosť. Chronologický vývoj príspevkov pri narodení dieťaťa od roku 1948 po súčasnosť. Chronologický vývoj rodičovského príspevku od roku 1970 po súčasno...
Na minha lista:
| Autor principal: | |
|---|---|
| Outros Autores: | |
| Formato: | Capítulo de Livro |
| Idioma: | eslovaco |
| Assuntos: | |
| Tags: |
Sem tags, seja o primeiro a adicionar uma tag!
|
MARC
| LEADER | 00000nla a2200000 4500 | ||
|---|---|---|---|
| 001 | 0172171 | ||
| 005 | 20240502072943.5 | ||
| 041 | 0 | |a slo | |
| 044 | |a SK | ||
| 245 | 1 | 0 | |a Výdavky štátu na starostlivosť o rodinu |c Alena Zubaľová, Dominika Janečková |
| 520 | |a Príspevok sa zameriava na pomoc rodinám poskytovanú formou sociálnych dávok. Chronologický vývoj poskytovania prídavkov na deti od roku 1945 po súčasnosť. Chronologický vývoj príspevkov pri narodení dieťaťa od roku 1948 po súčasnosť. Chronologický vývoj rodičovského príspevku od roku 1970 po súčasnosť. Analýza vplyvu sociálnych dávok na pôrodnosť. | ||
| 610 | 2 | 0 | |a rodina |
| 610 | 2 | 0 | |a starostlivosť o rodinu |
| 610 | 2 | 0 | |a starostlivosť sociálna |
| 610 | 2 | 0 | |a dávky sociálne |
| 610 | 2 | 0 | |a prídavky na deti |
| 610 | 2 | 0 | |a príspevok rodičovský |
| 610 | 2 | 0 | |a pôrodnosť |
| 610 | 2 | 0 | |a Slovensko |
| 100 | 1 | |a Zubaľová, Alena, 1959- | |
| 700 | 1 | |a Janečková, Dominika | |